NLSUI OPAC header image

Rta n' Anrta order, not chaos a dance drama on child labour nurture the future with love and care (Record no. 33622)

MARC details
000 -LEADER
fixed length control field 00461nam a2200157Ia 4500
008 - FIXED-LENGTH DATA ELEMENTS--GENERAL INFORMATION
fixed length control field 160316s9999 xxu||||| |||| 00| 0 eng d
082 ## - DEWEY DECIMAL CLASSIFICATION NUMBER
Classification number 344.013000
Item number RAN
100 ## - MAIN ENTRY--PERSONAL NAME
Personal name Ranjani Nrithya
245 ## - TITLE STATEMENT
Title Rta n' Anrta order, not chaos a dance drama on child labour nurture the future with love and care
250 ## - EDITION STATEMENT
Edition statement
260 ## - PUBLICATION, DISTRIBUTION, ETC.
Place of publication, distribution, etc. New Delhi
Name of publisher, distributor, etc. International Labour Organisation
Date of publication, distribution, etc. 0
300 ## - PHYSICAL DESCRIPTION
Extent 20
Other physical details
Dimensions
365 ## - TRADE PRICE
Price amount
650 ## - SUBJECT ADDED ENTRY--TOPICAL TERM
Topical term or geographic name entry element 1. child labour<br/>
700 ## - ADDED ENTRY--PERSONAL NAME
Personal name
--
Holdings
Withdrawn status Lost status Damaged status Not for loan Home library Current library Shelving location Date acquired Total Checkouts Full call number Barcode Date last seen Price effective from Koha item type
        . .   30.05.2017   344.013 RAN REP10739 30.05.2017 30.05.2017 Repository